00946nam a2200253 a 450000100060000000300080000600500170001400800410003103500190007204000270009104100080011808200220012610000430014824501140019126000380030530000260034350400510036965000230042070000350044370000480047894200120052699900170053895201370055557856BD-RjUL20211209080547.0161212s1956 enk b 001 0 eng  a(BD-RjUL)57980 aDLCcDLCdBD-RjULbeng aeng00a194223bRES 19561 aMaritain, Jacques,d1882-1973.917185014aThe social and political philosophy of Jacques Maritain :bselected readings /cJoseph W. Evans, Leo R. Ward. aLondon : bGeoffrey Bles, c1956. axiv, 375 p. ;c21 cm. aIncludes bibliographical references and index. 0aPhilosophy91705551 aEvans, Joseph William.91718511 aWard, Leo R.q(Leo Richard),d1893-9171852 2ddccBK c57856d57856 00102ddc40718NFICaRUCLbRUCLcReadingd1969-03-17eZeitlingerg25.00l0o194 RES 1956r2016-12-12 00:00:00tC-1w2016-12-12yBK